| 000 | 00000nam 2200000za 4500 |
| 001 | 9.845572 |
| 003 | CaOODSP |
| 005 | 20221107153010 |
| 007 | cr ||||||||||| |
| 008 | 171016s2012 oncao #o f000 0 eng d |
| 020 | |z978-0-660-20257-0 |
| 040 | |aCaOODSP|beng |
| 043 | |an-cn--- |
| 086 | 1 |aCH57-3/1-30-2012E-PDF|zCH57-3/1-30-2012E |
| 100 | 1 |aHess, Richard. |
| 245 | 14|aThe digitization of audio tapes |h[electronic resource] / |cRichard Hess, Joe Iraci, and Kimberley Flak. |
| 260 | |aOttawa : |bCanadian Conservation Institute, Department of Canadian Heritage, |cc2012. |
| 300 | |a44 p. : |bill., photos. |
| 490 | 1 |aTechnical bulletin ; |v30 |
| 500 | |aIssued also in French under title: La numérisation des bandes magnétiques audio.. |
| 500 | |aThe catalogue number (CH57-3/1-30-2012E) and ISBN (978-0-660-20257-0) for the print edition have been copied in this electronic publication. |
| 504 | |aIncludes bibliographic references. |
| 520 | 3 |a"Many archives and heritage institutions possess audio tapes that are the only record of culturally significant information. Unfortunately, these analog audio storage formats have a finite technology lifetime. If the information is to remain accessible, it must be migrated to new technology. This Technical Bulletin provides information and procedures for digitizing cassettes and reel-to-reel tapes. It is intended to assist small to mid-size heritage institutions that lack the funds for professional digitization. Note that the procedures discussed herein are intended primarily for oral history collections; they will not capture all the fine details extant in high-fidelity recordings."--Abstract. |
| 692 | 07|2gccst|aDigitization |
| 692 | 07|2gccst|aCultural heritage |
| 692 | 07|2gccst|aConservation |
| 700 | 1 |aIraci, J. |q(Joe) |
| 700 | 1 |aFlak, Kimberley. |
| 710 | 1 |aCanada. |bCanadian Heritage. |
| 775 | 08|tLa numérisation des bandes magnétiques audio |w(CaOODSP)9.845575 |
| 794 | |tThe digitization of audio tapes / |w(CaOODSP)9.885884 |
| 830 | #0|aTechnical bulletin (Canadian Conservation Institute)|v30|w(CaOODSP)9.806394 |
| 856 | 40|qPDF|s1.56 MB|uhttps://publications.gc.ca/collections/collection_2017/pch/CH57-3-1-30-2012-eng.pdf |